| 000 | 00340nam a2200133Ia 4500 | ||
|---|---|---|---|
| 008 | 230917s9999||||xx |||||||||||||| ||und|| | ||
| 040 |
_e87933 _aMAIN |
||
| 041 | _aEnglish | ||
| 082 | _a778.9 V869V | ||
| 245 | 0 | _aVogue: book of fashion photography 1919-1979 | |
| 260 |
_aNew York _bSimon & Schuster _c1979 |
||
| 300 | _a240 p. | ||
| 942 | _cBK | ||
| 999 |
_c40516 _d40516 |
||